01303nam a2200229 a 4500001001000000003000900010005001700019008004100036040002500077082001200102100002000114245019900134260006700333300002000400490004500420504005600465505033400521610005400855650007700909650004200986830004501028000017592DO-SdBNP20250306144251.0100329t1941 dr 000 0 spa d aDO-SdBNPbspacBNPHU aF-RD 851 aGarrido, Max R.13aLa guardia universitaria "Presidente Trujillo" :bcomo factor de cooperación en la disciplina, la cultura, y el auge de la universidad. Su aportación a la política renovadora de la patria. aCiudad Trujillo, República Dominicana :bCosmopolita,c1941. a24 p. ;c23 cm.1 aPublicaciones del Partido Trujillistav2 aIncluye bibliografía y notas al pie de páginas.0 aConferencia pronunciada en el Paraninfo de la Universidad de Santo Domingo, la noche del 23 de septiembre de 1941, por el licenciado Max Garrido, Secretario General de la misma, Mayor de Leyes de la guardia universitaria "Presidente Trujillo". Publicada en Anales de la Universidad de Santo Domingo, (5), fasc.3, jul-sept., 1941.24aUniversidad autónoma de Santo DomingoxHistoria 4aEstudiantes universitariosxActividad políticazRepública Dominicana 4aUniversidadeszRepública Dominicana 0aPublicaciones del Partido Trujillistan2